000 01305cam a2200169 4500500
005 20251012005131.0
041 _afre
042 _adc
100 1 0 _aBlanchon, Laure
_eauthor
700 1 0 _a Pichon, Christophe
_eauthor
245 0 0 _aCuando los muy pobres dicen que esperan…
260 _c2025.
500 _a87
520 _aA partir de un análisis de dos corpus – los salmos 42–43 y una lectura colectiva de Romanos 5,2b-5 por personas en situación de precariedad –, este artículo examina la experiencia de la esperanza cuando se vive “desde lo más hondo de lo hondo”. Lejos de ser una abstracción o una virtud puramente escatológica, esperar se revela aquí como una lucha interior, un esfuerzo de resistencia, una experiencia afectiva atravesada por lágrimas, preguntas, eclipses, pero también por sobresaltos de fe. La escucha de los más pobres pone de manifiesto una teología pascual de la esperanza, procesual y precaria, alimentada por la presencia fiel de Dios en medio de la prueba y por un creer con orgullo, incluso en el corazón de la desesperación.
786 0 _nNouvelle revue théologique | 147 | 4 | 2025-09-02 | p. 574-592 | 0029-4845
856 4 1 _uhttps://shs.cairn.info/revista-nouvelle-revue-theologique-2025-4-page-574?lang=es&redirect-ssocas=7080
999 _c1516778
_d1516778